Quizzes
Events
Quiz Creation
Community
Videos
Private Events
Remove Ads
Sign In
Join for FREE
Feedback
Dark Mode
Quiz Categories
Sports
Geography
Music
Movies
Television
Just For Fun
Miscellaneous
History
Literature
Language
Science
Gaming
Entertainment
Religion
Holiday
For Kids
Quiz Lab
Recent
Popular Today
Quiz Kudos Today
Editor Picks
Curator Picks
Quizzes by...
Day
Popularity
Type
Ratings
Length
Year
Community
Subscriptions
Recent Discussions
Orange Saloon
Badges
Playlists
Quests
Create
Leaderboards
Showdown
Live 5
Trivia Bingo
Activity
Puzzle Library
Sporcle Events
Private Events
Virtual Trivia
Globe League
Become a Host
Pub Owners
SporcleCon
Opinionation
Our Games
Videos
Blog
Mobile Apps
Partnerships
Remove Ads and Go Orange
Feedback
Sports
Athletes
MLB
NBA
NHL
NFL
Soccer
Sports Teams
WWE
NCAA
Football
Premier League
Basketball
Baseball
Hockey
Golf
Tennis
Cricket
Rugby
Auto Racing
Olympics
World Cup
Sports
Athletes
MLB
NBA
NHL
NFL
Soccer
Sports Teams
WWE
NCAA
Football
Premier League
Basketball
Baseball
Hockey
Golf
Tennis
Cricket
Rugby
Auto Racing
Olympics
World Cup
Random Quiz
Search Sporcle
×
Curator Pick
Curator Pick
Sports
NBA
Type in answers that appear in a list
Type in answers that appear in a list
Classic
Best Score? Go Orange.
Spalding Basketball ad (video) Stats
Can you name the players featured in the Spalding commercial?
By
balance
4m
21 Questions
2,884 Plays
2,884 Plays
2,884 Plays
Comments
Comments
Give Quiz Kudos
Give Quiz Kudos
-
- Ratings
hide this ad
More Info
Replay
Link that replays current quiz
Next Quiz
Link to next quiz in quiz playlist
You Got
0%
They Got
Avg Score
82%
Avg Friend Score
Upgrade to see
Score Distribution
Jump to the score distribution portion of the page
Score
0/21
Timer
04:00
0
Plays Today
Team (in the video)
Player
% Correct
San Antonio Spurs
Tim Duncan
93.7%
San Antonio Spurs
David Robinson
90%
Boston Celtics
Paul Pierce
89.9%
Phoenix Suns
Steve Nash
89.4%
Utah Jazz
Karl Malone
88.6%
New York Knicks
Patrick Ewing
88.3%
Orlando Magic
Dwight Howard
87.4%
Houston Rockets
Hakeem Olajuwon
86.3%
New Jersey Nets
Vince Carter
85.4%
New Orleans Hornets
Chris Paul
85.4%
Washington Wizards
Gilbert Arenas
82.6%
Team (in the video)
Player
% Correct
Denver Nuggets
Chauncey Billups
82.5%
Portland Trail Blazers
Clyde Drexler
82.5%
Detroit Pistons
Richard Hamilton
81.6%
Atlanta Hawks
Dominique Wilkins
80.8%
Houston Rockets
Yao Ming
80.2%
Golden State Warriors
Chris Mullin
79.5%
Portland Trail Blazers
Greg Oden
75.1%
San Antonio Spurs
George Gervin
74%
Los Angeles Lakers
James Worthy
74%
Denver Nuggets
Alex English
63.3%
Quiz Playlist
Details
Report
Send in Message
Add To Playlist
More Info:
Wait for the video to be loaded, start the quiz, watch the video and name the players featured in the commercial.
Classic:
Type in answers that appear in a list
Quiz Source
Last Updated: Jun 14, 2017
Curator Pick in
NBA
Quiz Scoreboard
CHALLENGE
Sign Up to Join the Scoreboard
Show All
Scores
Hide
Comments
May contain spoilers
Recently Published
Alphabetical 'K' Countries by Flag Minefield
by ylime102
Geography
3m
Pick 6: Fruits
by JohnFran
Miscellaneous
15s
Click the 1999 NBA Draft
by nibperrychub
Sports
2m
More to Explore
Quiz From the Vault
Featured Blog Post
15 Basketball Trivia Facts You Can Be March Mad About
hide this ad
You Might Also Like...
Tags
Basketball Quiz
NBA Quiz
Commercial
Featured
Player
Video
Today's Top Quizzes in Sports
Browse Sports
hide this ad
Today's Top Quizzes in NBA
Browse NBA
Top Contributed Quizzes in Sports
1
Pick 6: NFL Teams
2
MLB 2 truths and a lie: Hall of Fame pitchers
3
Les joueurs à 100 buts en Ligue 1 Uber Eats
4
Don't Strike Out: 3000 Strikeouts
5
Criteria MLB: Left Handed Sluggers
6
Pick 6: Minor League Baseball
7
2022 World Cup Stars
8
Click the 1998 NBA Draft
9
Millionaire: NBA Finals Edition
10
MLB Players with Two .350 Batting Average Seasons
Explore More
Trending Topics
Disney
Kpop
Crossword
Anime
Marvel
Harry Potter
NBA
WWE
Puzzle
Country
Pokémon
The Office
NFL
Soccer
Song
hide this ad
More By:
balance
Quiz
Plays
Rating
Category
Featured
Created
Spalding Basketball ad (video)
2,884
4.71
Sports
Jun 6, 2010
NBA Rookie Impact
967
4.11
Sports
Dec 26, 2009
NBA Teams (other) All Time Leaders
531
5.00
Sports
Nov 15, 2009
NBA Veterans 2009-10
399
5.00
Sports
Jan 3, 2010
NBA Lottery Winners
347
4.44
Sports
Dec 22, 2010
Go to Creator's Profile
Score Distribution
Quiz Creator Spotlight
balance
Follow
Send a Message
Quizzes Created
-
Created Quiz Play Count
-
More By This Creator
Popular Quizzes Today
1
Find the US States - No Outlines Minefield
2
Countries of Asia Without Outlines Minefield
3
Pick 6: Fruits
4
Alphabetical 'K' Countries by Flag Minefield
5
The Countries of the World
6
Find the US States
7
Match the Book to the Film X
8
Click the 1999 NBA Draft
More Sports Quizzes
Quick Pick: Jacksons 5 (7)
Editor's Pick
Trending Quizzes
Pick 6: Mountains
Pick 6: Harry Potter
Pick 6: NFL Teams
Pick 6: Movie Franchises
Pick 6: Golfers
Recently Updated
NWSL Teams
pecheneg
Women's Final Four Teams by Year
bhenderson79
Presidents Quartet II
eogle
Anything But Clue(do)
eogle
Anything But Oceanian Capitals
eogle
Anything But 7
eogle
Anything But Thing
eogle
Word Ladder: February 29
pecheneg
Song Title Questions
pecheneg
Women's NCAA Tournament #1 Seeds
pecheneg
Trending Topics
Disney
Crossword
Harry Potter
Anime
Marvel
Kpop
NBA
Pokémon
NFL
Soccer
Puzzle
The Office
Song
WWE
Country
Your Account Isn't Verified!
In order to create a playlist on Sporcle, you need to verify the email address you used during registration. Go to your
Sporcle Settings
to finish the process.
Report this User
Report this user for behavior that violates our
Community Guidelines
.
Details:
Send Report
Go to the Sporcle.com Mobile Site →
Comments